[Event "Cochabamba Hurtado Memorial"]
[Site "Cochabamba"]
[Date "2023.08.06"]
[Round "5"]
[White "Sarmiento Sarmiento, Yoniel"]
[Black "Rosas Navarro, Bruno Shahid"]
[Result "1-0"]
[WhiteElo "2004"]
[BlackElo "1480"]
[PlyCount "91"]
[EventDate "2023.08.04"]
[EventType "swiss"]
[EventRounds "7"]
[EventCountry "BOL"]
[SourceTitle "CBM 215 Extra"]
[Source "ChessBase"]
[SourceDate "2023.09.30"]
[SourceVersion "1"]
[SourceVersionDate "2023.09.30"]
[SourceQuality "1"]

1. d4 Nf6 2. Bg5 e6 3. e4 h6 4. Bxf6 Qxf6 5. Nc3 b6 6. Qd2 Bb7 7. f3 Bb4 8. Nge2 0-0 9. 0-0-0 d5 10. e5 Qe7 11. a3 Bxa3 12. bxa3 Qxa3+ 13. Kb1 Qb4+ 14. Ka1 Nd7 15. Na2 Qxd2 16. Rxd2 c5 17. f4 f6 18. Rg1 Ba6 19. g3 cxd4 20. Nxd4 Bxf1 21. Rxf1 Nc5 22. exf6 gxf6 23. Re1 Kf7 24. Rde2 Ne4 25. Kb2 Rfc8 26. Nb5 Rc5 27. Nbc3 f5 28. Nxe4 fxe4 29. Re3 Rac8 30. R1e2 Kf6 31. g4 Rg8 32. Rg3 h5 33. h3 Rc7 34. Nc3 Rcg7 35. Reg2 Kf7 36. Ne2 hxg4 37. Rxg4 Rxg4 38. hxg4 Kf6 39. Nd4 Ke7 40. g5 Rg7 41. f5 Rg8 42. Nxe6 Kd6 43. Nd4 Ke7 44. f6+ Kf7 45. Nf5 Rg6 46. Ne7 1-0

[Event "Cochabamba Hurtado Memorial"]
[Site "Cochabamba"]
[Date "2023.08.05"]
[Round "4"]
[White "Mendoza, Rodrigo"]
[Black "Sarmiento Sarmiento, Yoniel"]
[Result "1-0"]
[WhiteElo "2152"]
[BlackElo "2004"]
[PlyCount "107"]
[EventDate "2023.08.04"]
[EventType "swiss"]
[EventRounds "7"]
[EventCountry "BOL"]
[SourceTitle "CBM 215 Extra"]
[Source "ChessBase"]
[SourceDate "2023.09.30"]
[SourceVersion "1"]
[SourceVersionDate "2023.09.30"]
[SourceQuality "1"]

1. Nf3 Nf6 2. c4 c5 3. Nc3 Nc6 4. g3 d5 5. cxd5 Nxd5 6. Bg2 Nc7 7. 0-0 e5 8. d3 Be7 9. Be3 0-0 10. Rc1 Bd7 11. a3 Kh8 12. h4 f6 13. Bd2 Rb8 14. Qc2 Qe8 15. Qb1 Nd4 16. Nxd4 exd4 17. Bf4 Bc6 18. Ne4 Qd7 19. Nxc5 Bxc5 20. Rxc5 Bxg2 21. Kxg2 Ne6 22. Bxb8 Nxc5 23. Bf4 Re8 24. Qd1 Qd5+ 25. Kg1 g5 26. hxg5 fxg5 27. Bc1 Re6 28. b4 Nd7 29. Bb2 Kg8 30. Qc1 Rxe2 31. Ba1 b5 32. Qc8+ Kf7 33. Qh8 Nf6 34. Rc1 Re8 35. Rc7+ Kg6 36. Qg7+ Kf5 37. Rc1 Re6 38. Qxa7 Rc6 39. Rxc6 Qxc6 40. Qxd4 Qc1+ 41. Kh2 Ng4+ 42. Kg2 Qc6+ 43. Qe4+ Qxe4+ 44. dxe4+ Ke6 45. Bd4 Nh6 46. f4 gxf4 47. gxf4 Nf7 48. Kf3 Nd6 49. f5+ Kd7 50. Kf4 Nc4 51. e5 Nxa3 52. e6+ Ke7 53. Ke5 h5 54. f6+ 1-0